00275nam a2200109Ia 4500008004100000041000800041082001500049100001700064245003500081250000900116260004000125230627s9999 xx 000 0 und d amar a340.1bPIL aPillai P.S.A aJurisprudence And Legal Theory a3ed. aLucknowbEastern Book Companyc2001